Educación infantil, nivel 1

Gespeichert in:
Bibliographische Detailangaben
Hauptverfasser: Yuste Hernanz, Carlos (VerfasserIn), Trallero Sanz, Manuel (VerfasserIn), Guarda, Lourdes (VerfasserIn), Millán, María Luisa (VerfasserIn)
Format: Buch
Sprache:Spanisch
Veröffentlicht: Madrid Ciencias de la Educación Preescolar y Especial 1996
Schriftenreihe:Progresint, 1
Schlagworte:
Tags: Tag hinzufügen
Keine Tags, Fügen Sie den ersten Tag hinzu!

MARC

LEADER 00000nam a2200000 a 4500
001 UCT8989
003 CL-VaPUC
008 970404e19960000SP |||||||||||||||||spa|d
082 0 4 |a 370.152  |b YUS  |2 21 
100 0 |a Yuste Hernanz, Carlos  |e author  |9 381327 
700 0 |a Trallero Sanz, Manuel  |e author  |9 381328 
700 0 |a Guarda, Lourdes  |e author  |9 381329 
700 0 |a Millán, María Luisa  |e author  |9 381330 
245 1 0 |a Educación infantil, nivel 1 
246 1 0 |a Programas para la estimulación de las habilidades de la inteligencia 
300 |a 206 p 
942 |c BK 
945 |d 19970404 00:00:00  |a rleighto 
260 |a Madrid  |b Ciencias de la Educación Preescolar y Especial  |c 1996 
650 0 |a Educación básica   |9 224933 
650 0 |a Creatividad   |9 310816 
650 0 |a Psicología educacional   |9 307830 
650 0 |a Métodos de enseñanza  |9 270413 
583 |a last modification  |c 19970404 00:00:00  |k Rodrigo Vera 
490 0 |a Progresint, 1 
999 |c 257452  |d 257450 
952 |0 0  |1 0  |4 0  |6 370_152000000000000_YUS_1996  |7 0  |8 A  |9 280911  |a BIBEDU  |b BIBEDU  |d 2019-11-19  |i 3292614  |o 370.152 YUS 1996  |p 3292614  |r 2019-11-19  |w 2019-11-19  |y BK  |k EPE